Datum a čas kvízu
11
Celkem bodů
Celkový počet nahraných bodů na tomto kvízu bez doplňovacích otázek.
13.
Pořadí na kvízu
Konečné umístění týmu na tomto kvízu.
Zaznamenané odpovědi
| # | Otázka | Odpověď | Body | Výsledky |
|---|---|---|---|---|
| 1. | Ve kterém městě bylo objeveno... | v Plzni | 1 | |
| 2. | Malé městečko Robbinsville mez... | hinduismus | 0 | |
| 3. | Od čtvrtka do neděle probíhala... | Signal (Festival) | 1 | |
| 4. | Společnost Microsoft v pátek d... | Activision Blizzard | 0 | |
| 5. | Jak se jmenuje český útočník,... | Mojmír Chytil | 0 | |
| 6. | Že se pravěk tradičně dělí na... | halštatská, laténská | 0 | |
| 7. | Lovci mamutů od Eduarda Štorch... | Kopčem | 0 | |
| 8. | Tento seriál jistě poznáte. Na... | Fred Flintstone | 1 | |
| 9. | Uveďte českou podobu druhového... | zručný | 1 | |
| 10. | Napište název nejznámějšího šp... | Altamira | 0 |